000 00868cam a2200277 4500
001 5163
003 BD-RjUL
005 20211208234024.0
008 131224s1973 ii 001 0 eng
035 _a(BD-RjUL)5199
040 _aDLC
_cDLC
_dDLC
_dBD-RjUL
_beng
041 _aeng
082 0 0 _a343.54055
_bCHC 1973
100 1 _aChaturvedi, K.
_916272
245 1 0 _aCentral sales tax law /
_cby K. Chaturvedi.
250 _a3d ed.
260 _aCalcutta :
_bEastern Law House,
_c1973.
300 _a xlviii, 635 p. :
_c25 cm.
500 _aIncludes the text of the Central sales tax act, 1956, as amended up to 1st April 1973.
504 _aIncludes Index.
650 0 _aSales tax
_xLaw and legislation
_zIndia.
_916273
710 1 2 _aIndia.
_tCentral Sales Tax Act, 1956. 1973.
_916274
942 _2ddc
_cBK
999 _c5163
_d5163